01139nam a2200277 a 450000100060000000300080000600500170001400800410003102000150007203500190008704000330010604100080013905500210014708200240016810000310019224500870022326000320031030000640034250002180040650400510062460000310067565000470070670000300075370000390078370000390082276861BD-RjUL20211209082910.0200127s1984 enkacf b 00110aeng d a0333294416 a(BD-RjUL)77085 aCaOONLbengcCaOONLdBD-RjUL aeng00aPR4753bA34 19840 219a823.8bHAL 19841 aHardy, Thomas,d1840-1928.14aThe life and work of Thomas Hardy /cby Thomas Hardy ; edited by Michael Millgate. aLondon :bMacmillan,c1984. axxxvii, 604 p., [16] p. of plates :bill., ports. ;c23 cm. a"An edition on new principles of the materials previously drawn upon for The early life of Thomas Hardy, 1840-1891, and The later years of Thomas Hardy, 1892-1928, published over the name of Florence Emily Hardy." aIncludes bibliographical references and index.10aHardy, Thomas,d1840-1928. 0aAuthors, Englishy19th centuryvBiography.1 aMillgate, Michael,d1929-1 aHardy, Florence Emily,d1881-1937.1 aHardy, Florence Emily,d1881-1937.